| 000 | 00596nam a2200205 a 4500 | ||
|---|---|---|---|
| 001 | BRCA_6638 | ||
| 005 | 20190320205534.0 | ||
| 008 | 101011s1915----nyub######---#000-0#eng-# | ||
| 041 | _aeng | ||
| 044 | _anyu | ||
| 050 | 4 |
_aG153 _b.B52 1915 |
|
| 100 | 1 |
_aBlack, William Harman _916618 |
|
| 245 | 1 | 0 |
_aThe real round-the wolrd pocket guide-book _cWilliam Harman Black. |
| 260 |
_aNueva York _bThe Association for New York _c1915 |
||
| 300 |
_a534 p. _bil., mapas _c16 cm. |
||
| 500 | _aL145 | ||
| 650 | 1 | 4 |
_aViajes alrededor del mundo _vGuĂas de viajeros _916619 |
| 902 | _aGFM | ||
| 942 |
_2lcc _cB |
||
| 999 |
_c6322 _d6322 |
||